000 01223cam a2200325 a 4500
001 710944
003 19
005 20220326193244.0
008 971010s1998 enka b 001 0 eng
010 _a 97044368
020 _a0521621186 (hc)
020 _a052162908X (pbk.)
040 _aDLC
_cDLC
_dDLC
050 0 0 _aGN409
_b.C35 1998
082 0 0 _a394/.9
_221
245 0 0 _aCannibalism and the colonial world /
_cedited by Francis Barker, Peter Hulme, Margaret Iversen.
260 _aCambridge ;
_aNew York :
_bCambridge University Press,
_c1998.
300 _axiv, 309 p. :
_bill. ;
_c23 cm.
440 0 _aCultural margins ;
_v[5]
504 _aIncludes bibliographical references (p. 284-303) and index.
650 0 _aCannibalism.
650 0 _aCannibalism in literature..
700 1 _aBarker, Francis,
_d1952-
700 1 _aHulme, Peter.
700 1 _aIversen, Margaret.
856 4 1 _3Table of contents
_uhttp://www.loc.gov/catdir/toc/cam024/97044368.html
856 4 2 _3Publisher description
_uhttp://www.loc.gov/catdir/description/cam028/97044368.html
906 _a7
_bcbc
_corignew
_d1
_eocip
_f19
_gy-gencatlg
999 _c2
_d2